[Event "World Senior Teams +50"]
[Site "Radebeul GER"]
[Date "2016.07.04"]
[Round "9.20"]
[Board "1"]
[White "Becker, Marco"]
[Black "Rorvik, Jon F."]
[Result "1/2-1/2"]
[WhiteElo "1987"]
[BlackElo "2145"]
[WhiteTeam "SV Horst-Emscher"]
[BlackTeam "Norway Mix"]
[WhiteFideId "24601993"]
[BlackFideId "1501852"]
[EventDate "2016.06.26"]

1. e4 e5 2. Nf3 Nc6 3. Bb5 a6 4. Ba4 Nf6 5. O-O Nxe4 6. Re1 Nc5 7. Bxc6 dxc6 8.
Nxe5 Be6 9. d4 Nd7 10. Nc3 Be7 11. Bf4 O-O 12. Qd3 Nf6 13. Rad1 Nd5 14. Nxd5 1/2-1/2

[Event "World Senior Teams +50"]
[Site "Radebeul GER"]
[Date "2016.07.04"]
[Round "9.20"]
[Board "3"]
[White "Tobczewski, Peter"]
[Black "Bjorgvik, Jan Arne"]
[Result "1-0"]
[WhiteElo "2012"]
[BlackElo "1803"]
[WhiteTeam "SV Horst-Emscher"]
[BlackTeam "Norway Mix"]
[WhiteFideId "4668200"]
[BlackFideId "1503766"]
[EventDate "2016.06.26"]

1. e4 c6 2. d4 d5 3. exd5 cxd5 4. c4 e6 5. Nc3 Nf6 6. Nf3 Nc6 7. c5 Be7 8. Bf4
Nh5 9. Be3 Nf6 10. Bd3 O-O 11. O-O a6 12. h3 Qc7 13. a3 Rd8 14. Kh1 g6 15. Re1
Nd7 16. Qd2 Nxc5 17. Bf4 Qxf4 18. Qxf4 Nxd3 19. Qe3 Nxe1 20. Rxe1 b5 21. Rc1 Bb7
22. Ne5 Bf6 23. Nxc6 Bxc6 24. Ne2 Rac8 25. Nf4 Bg5 26. Qg3 Bxf4 27. Qxf4 Kg7 28.
Qe5+ Kg8 29. g4 a5 30. b4 axb4 31. axb4 Be8 32. Rc5 Ra8 33. h4 Ra1+ 34. Kh2 Rb1
35. h5 h6 36. hxg6 fxg6 37. Qf6 1-0

[Event "World Senior Teams +50"]
[Site "Radebeul GER"]
[Date "2016.07.04"]
[Round "9.20"]
[Board "4"]
[White "Lie, Terje"]
[Black "Kotter, Michael"]
[Result "0-1"]
[WhiteElo "1589"]
[BlackElo "2061"]
[WhiteTeam "Norway Mix"]
[BlackTeam "SV Horst-Emscher"]
[WhiteFideId "1504916"]
[BlackFideId "4672267"]
[EventDate "2016.06.26"]

1. d4 Nf6 2. c4 e6 3. Nf3 Be7 4. Nc3 d5 5. cxd5 exd5 6. e3 O-O 7. Be2 Bf5 8. O-O
Re8 9. a3 c6 10. b4 Nbd7 11. Bb2 Ne4 12. Rc1 Ndf6 13. h3 Bd6 14. Nd2 Nxc3 15.
Bxc3 Rc8 16. Nb3 Bb8 17. Bg4 Nxg4 18. hxg4 Qh4 19. f4 Bxg4 20. Qe1 Qh5 21. Qg3
Re6 22. Nc5 Rg6 23. Qh2 Qxh2+ 24. Kxh2 Re8 25. Bd2 Re7 26. g3 Bf5 27. Kg2 h5 28.
Kf2 Rh6 29. Rg1 Bg4 30. Rce1 b6 31. Nd3 Bf5 32. Ne5 Rc7 33. Rc1 Rc8 34. Nf3 Bd6
35. Rgf1 c5 36. dxc5 bxc5 37. bxc5 Rxc5 38. Rxc5 Bxc5 39. Bb4 Bxb4 40. axb4 Rb6
41. Nd4 Bd3 42. Rd1 Bc4 43. Rb1 Kf8 44. Rb2 Ke7 45. Ke1 a5 46. b5 a4 47. Rb4 a3
48. Ra4 a2 49. Kd2 Kd6 50. Kc3 Kc5 51. Kb2 Rg6 52. Nb3+ Kxb5 53. Rxa2 Rxg3 54.
Nd4+ Kb6 55. Ra3 h4 56. Nf5 Rg2+ 57. Kc3 h3 58. Ra1 g6 59. Nd6 Rg3 60. Kd4 Be2
61. Rh1 f6 62. Nc8+ Kc7 63. Ne7 Kd6 64. Nc8+ Ke6 65. Nb6 Bg4 66. Rh2 Bf3 67. Na4
g5 68. Nc5+ Kf5 69. Nd3 Rg4 70. Nf2 Rh4 71. Nd3 g4 72. Ne1 Be4 73. Nd3 g3 74.
Rb2 h2 75. Nc5 h1=Q 76. Rb6 Qa1+ 0-1

[Event "World Senior Teams +50"]
[Site "Radebeul GER"]
[Date "2016.07.04"]
[Round "9.21"]
[Board "1"]
[White "Siebenhuener, Michael"]
[Black "Waschk, Armin"]
[Result "0-1"]
[WhiteElo "2034"]
[BlackElo "2183"]
[WhiteTeam "TSG Markkleeberg von 1903"]
[BlackTeam "Dettmann"]
[WhiteFideId "4659805"]
[BlackFideId "4630866"]
[EventDate "2016.06.26"]

1. d4 Nf6 2. Nf3 e6 3. Bg5 h6 4. Bh4 c5 5. e3 Nc6 6. c3 d5 7. Nbd2 Be7 8. Bd3 b6
9. Qe2 Bb7 10. O-O O-O 11. Rad1 Nd7 12. Bxe7 Qxe7 13. e4 dxe4 14. Qxe4 Nf6 15.
Qh4 Rad8 16. Nb3 cxd4 17. Nbxd4 Nxd4 18. Nxd4 Qc5 19. Nb3 Qc6 20. f3 Rd5 21. Qf2
Qa4 22. Bb1 Rfd8 23. Qc2 Qf4 24. Rxd5 Rxd5 25. Rd1 Qe5 26. Qc1 g5 27. Rd4 Nh5
28. Bd3 a5 29. Bc4 Rxd4 30. Nxd4 Nf4 31. Qd2 Kg7 32. a3 Qc5 33. Bf1 e5 34. Qe3
exd4 35. cxd4 Qd5 0-1

[Event "World Senior Teams +50"]
[Site "Radebeul GER"]
[Date "2016.07.04"]
[Round "9.21"]
[Board "2"]
[White "Dettmann, Gerd"]
[Black "Nuernberger, Thomas"]
[Result "1/2-1/2"]
[WhiteElo "2187"]
[BlackElo "1983"]
[WhiteTeam "Dettmann"]
[BlackTeam "TSG Markkleeberg von 1903"]
[WhiteFideId "4630815"]
[BlackFideId "12979716"]
[EventDate "2016.06.26"]

1. e4 c5 2. Nf3 Nc6 3. Bb5 d6 4. Bxc6+ bxc6 5. d3 e5 6. O-O f5 7. Na3 Nf6 8. Qe2
Be7 9. Ne1 f4 10. c3 a5 11. d4 Ba6 12. Nd3 cxd4 13. cxd4 Qb6 14. Nc2 O-O 15. f3
Nd7 16. Qd2 c5 17. dxe5 Bxd3 18. Qxd3 Nxe5 19. Qd5+ Kh8 20. Bxf4 Qxb2 21. Bxe5
dxe5 22. Qc4 Rab8 23. Rad1 Rfd8 24. Ne3 Rd2 25. Qf7 Bg5 26. Rxd2 Bxe3+ 27. Rdf2
Bxf2+ 28. Rxf2 Qd4 29. g3 h6 30. Kg2 c4 31. Qc7 Rb2 32. Qc8+ 1/2-1/2

[Event "World Senior Teams +50"]
[Site "Radebeul GER"]
[Date "2016.07.04"]
[Round "9.22"]
[Board "1"]
[White "Siggelkow, Axel"]
[Black "Schultheis, Heinz"]
[Result "0-1"]
[WhiteElo "2038"]
[BlackElo "2114"]
[WhiteTeam "BSV Chemie Radebeul"]
[BlackTeam "Schachfreunde Zeitz"]
[WhiteFideId "24681350"]
[BlackFideId "16212037"]
[EventDate "2016.06.26"]

1. d4 d5 2. c4 dxc4 3. Nf3 Nf6 4. e3 Be6 5. Na3 Bd5 6. Nxc4 e6 7. Be2 c5 8. O-O
Nc6 9. a3 cxd4 10. Nxd4 Nxd4 11. Qxd4 Be7 12. Rd1 O-O 13. Nd2 Qc7 14. e4 e5 15.
Qd3 Be6 16. b4 Rfd8 17. Qb1 Rac8 18. Bb2 Qc2 19. Qxc2 Rxc2 20. Bc1 Nxe4 21. Nxe4
Rxe2 22. Rxd8+ Bxd8 23. Be3 b6 24. Nc3 Rb2 25. Rd1 Be7 26. h3 Rb3 27. Nb5 a6 28.
Nc7 h6 29. Bxb6 Rxa3 30. Ba5 Bc4 31. Rc1 Bd3 32. Nd5 Bg5 33. Rc8+ Kh7 34. Rc5
Be4 35. Nc7 Ra1+ 36. Kh2 Bf4+ 0-1

[Event "World Senior Teams +50"]
[Site "Radebeul GER"]
[Date "2016.07.04"]
[Round "9.22"]
[Board "2"]
[White "Just, Joachim"]
[Black "Westphal, Norbert"]
[Result "1/2-1/2"]
[WhiteElo "1926"]
[BlackElo "1965"]
[WhiteTeam "Schachfreunde Zeitz"]
[BlackTeam "BSV Chemie Radebeul"]
[WhiteFideId "4648102"]
[BlackFideId "12973610"]
[EventDate "2016.06.26"]

1. d4 Nf6 2. Nf3 e6 3. Bg5 d5 4. e3 Nbd7 5. Nbd2 Be7 6. Bd3 O-O 7. Ne5 c5 8. c3
Re8 9. f4 Nf8 10. O-O N6d7 11. Bxe7 Qxe7 12. Qf3 f6 13. Nxd7 Bxd7 14. Rae1 Bc6
15. Qh3 Rad8 16. Nf3 b6 17. g4 Qc7 18. Qg3 Re7 19. Rf2 Be8 20. h4 Bg6 21. Bxg6 1/2-1/2

[Event "World Senior Teams +50"]
[Site "Radebeul GER"]
[Date "2016.07.04"]
[Round "9.22"]
[Board "3"]
[White "Muehlberg, Frank"]
[Black "Reimann, Hubert"]
[Result "1/2-1/2"]
[WhiteElo "1929"]
[BlackElo "1956"]
[WhiteTeam "BSV Chemie Radebeul"]
[BlackTeam "Schachfreunde Zeitz"]
[WhiteFideId "4680235"]
[BlackFideId "4698916"]
[EventDate "2016.06.26"]

1. d4 Nf6 2. c4 e6 3. Nf3 Bb4+ 4. Bd2 a5 5. e3 O-O 6. Nc3 b6 7. Bd3 Bb7 8. O-O
d6 9. a3 Bxc3 10. Bxc3 Ne4 11. Rc1 Nd7 12. Bxe4 Bxe4 1/2-1/2

[Event "World Senior Teams +50"]
[Site "Radebeul GER"]
[Date "2016.07.04"]
[Round "9.22"]
[Board "4"]
[White "Wilke, Frank"]
[Black "Richter, Andreas"]
[Result "1/2-1/2"]
[WhiteElo "1920"]
[BlackElo "1747"]
[WhiteTeam "Schachfreunde Zeitz"]
[BlackTeam "BSV Chemie Radebeul"]
[WhiteFideId "16219210"]
[BlackFideId "12975354"]
[EventDate "2016.06.26"]

1. d4 Nf6 2. c4 g6 3. Nc3 d5 4. e3 Bg7 5. Bd3 O-O 6. Nge2 dxc4 7. Bxc4 c5 8. O-O
cxd4 9. Nxd4 a6 10. a4 Qc7 11. Be2 e5 12. Nf3 Rd8 13. Qe1 Nc6 1/2-1/2

[Event "World Senior Teams +50"]
[Site "Radebeul GER"]
[Date "2016.07.04"]
[Round "9.23"]
[Board "1"]
[White "Buchholz, Ralf"]
[Black "Fegan, Chris"]
[Result "0-1"]
[WhiteElo "1926"]
[BlackElo "2071"]
[WhiteTeam "Deutsche Schach-Loewen"]
[BlackTeam "England 3"]
[WhiteFideId "24693910"]
[BlackFideId "410047"]
[EventDate "2016.06.26"]

1. e4 d6 2. d4 Nf6 3. Bd3 e5 4. d5 g6 5. Ne2 Bg7 6. O-O O-O 7. c4 Na6 8. Nbc3 c6
9. a3 Bd7 10. Rb1 Rc8 11. b4 c5 12. b5 Nb8 13. Ng3 h5 14. Re1 h4 15. Nf1 Nh5 16.
Ne3 Nf4 17. Ne2 f5 18. Nxf4 exf4 19. Nc2 Be5 20. exf5 Bxf5 21. Bxf5 Rxf5 22. Qg4
Qf6 23. Rb3 Rf8 24. Rf3 g5 25. Re4 Qg6 26. Ne1 Nd7 27. Rfxf4 Bxf4 28. Rxf4 Ne5
29. Rxf5 Qxf5 30. Qxg5+ Qxg5 31. Bxg5 Nxc4 32. Bxh4 Nxa3 33. Be7 0-1

[Event "World Senior Teams +50"]
[Site "Radebeul GER"]
[Date "2016.07.04"]
[Round "9.23"]
[Board "2"]
[White "Fraser-Mitchell, Jeremy N"]
[Black "Grosselohmann, Gerhard"]
[Result "1-0"]
[WhiteElo "2061"]
[BlackElo "2004"]
[WhiteTeam "England 3"]
[BlackTeam "Deutsche Schach-Loewen"]
[WhiteFideId "405000"]
[BlackFideId "4645219"]
[EventDate "2016.06.26"]

1. d4 Nf6 2. c4 c5 3. d5 b5 4. Bg5 d6 5. Nd2 Nbd7 6. e4 bxc4 7. Ngf3 g6 8. Bxc4
Bg7 9. O-O h6 10. Bf4 Nh5 11. Be3 Bxb2 12. Rb1 Bg7 13. Re1 O-O 14. Bd3 Nhf6 15.
Nc4 Nb6 16. Bd2 Nxc4 17. Bxc4 Nd7 18. Qc1 Kh7 19. Rb3 Qc7 20. Nh4 Ne5 21. Be2
Rb8 22. Rg3 Bf6 23. Bxh6 Rg8 24. Bg5 Bxg5 25. Qxg5 f6 26. Qd2 Rb4 27. f4 Nf7 28.
Bd3 Qb6 29. Kh1 Ba6 30. Rh3 Kg7 31. Rg3 Rd4 32. Nf5+ Kf8 33. Nxd4 cxd4 34. Bxa6
Qxa6 35. Rd3 Rh8 36. Rb1 Kg7 37. Kg1 Qc8 38. h3 Qc5 39. Rc1 Qb6 40. Rb3 Qa6 41.
Rc6 Qa4 42. Rb4 Qa3 43. Rxd4 Rb8 44. Rc3 Rb1+ 45. Kh2 Qa6 46. Rf3 Qb6 47. Rb3
Rxb3 48. axb3 Qxb3 49. Rb4 Qa3 50. Rb7 Kf8 51. Rb8+ Kg7 52. Re8 a5 53. Rxe7 a4
54. Qd4 Qc1 55. e5 Kf8 56. exf6 a3 57. Qa4 1-0

[Event "World Senior Teams +50"]
[Site "Radebeul GER"]
[Date "2016.07.04"]
[Round "9.24"]
[Board "1"]
[White "Frick, Renato"]
[Black "Kracht, Helmut"]
[Result "1/2-1/2"]
[WhiteElo "2014"]
[BlackElo "2022"]
[WhiteTeam "Liechtenstein"]
[BlackTeam "SK Kaltenkirchen"]
[WhiteFideId "12000027"]
[BlackFideId "4690567"]
[EventDate "2016.06.26"]

1. e4 c5 2. Nf3 Nc6 3. d4 cxd4 4. Nxd4 g6 5. c4 Bg7 6. Be3 d6 7. Nc3 Nf6 8. Be2
O-O 9. O-O Nxd4 10. Bxd4 Be6 11. Qd2 Qa5 12. Rfd1 Rfc8 13. b3 a6 14. Bxf6 exf6
15. Na4 Qxd2 16. Rxd2 Rc6 17. Rad1 Bf8 18. Bf3 Rc7 19. Nb6 Re8 20. a4 a5 21. g3
Rc6 22. Nd5 Bxd5 23. Rxd5 Re5 24. Bg2 Rc5 25. R5d3 b6 26. f4 Re8 27. Kf2 Kg7 28.
g4 g5 29. f5 Rce5 30. Ke3 Rc8 31. Ra1 Rcc5 32. Bf3 Rc8 33. Kd2 Rc6 34. Ke3 Rc8
35. Ra2 Rcc5 36. Rd1 Be7 37. Kd3 Rc7 38. Rh1 Bf8 39. h3 h6 40. Rah2 Kg8 41. Rc2
Rc8 42. Rd1 Be7 43. Ra1 Kf8 44. Rb1 Ra8 45. Kc3 Rc8 46. Kb2 Ke8 47. Rd1 Rcc5 48.
Rd5 Kd7 49. Rd1 Rc8 50. Rh1 Bf8 51. Rd1 Be7 52. Kc3 Ke8 53. Rd5 Rc5 54. Rcd2 Kd7
55. Rb2 Kc7 56. Rh2 Bf8 57. Rd1 Kd7 58. Rdh1 Kc7 59. Kb2 Kd7 60. Rd1 Kc7 1/2-1/2

[Event "World Senior Teams +50"]
[Site "Radebeul GER"]
[Date "2016.07.04"]
[Round "9.24"]
[Board "2"]
[White "Schiller, Dirk"]
[Black "Kock, Hans-Uwe"]
[Result "0-1"]
[BlackTitle "FM"]
[WhiteElo "1776"]
[BlackElo "2004"]
[WhiteTeam "SK Kaltenkirchen"]
[BlackTeam "Liechtenstein"]
[WhiteFideId "1270380"]
[BlackFideId "4611020"]
[EventDate "2016.06.26"]

1. e4 c6 2. Nc3 d5 3. d3 g6 4. g3 Bg7 5. Bg2 d4 6. Nce2 e5 7. Nf3 c5 8. O-O Nc6
9. c3 Nge7 10. Bd2 O-O 11. cxd4 cxd4 12. a3 Qb6 13. b4 Bd7 14. Qb3 Be6 15. Qb2
f6 16. Rfc1 Na5 17. Rc2 Nb3 18. Rb1 Rac8 19. Be1 Qa6 20. Rxc8 Rxc8 21. Rd1 Qa4
22. Nc1 Bh6 23. Na2 Na5 24. Ra1 Rc2 25. Qb1 Nac6 26. b5 Nd8 27. Bf1 Bxa2 28.
Rxa2 Rc1 29. Qb2 Ne6 30. Bd2 Bxd2 31. Nxd2 Rc5 32. Ra1 Qxb5 33. Qa2 Qc6 34. Nc4
b5 35. Na5 Qb6 36. Bh3 f5 37. Nb3 Rc3 38. Rd1 Kg7 39. Bg2 fxe4 40. Bxe4 Ng5 41.
Bg2 Qe6 42. Nc1 Rxc1 0-1

[Event "World Senior Teams +50"]
[Site "Radebeul GER"]
[Date "2016.07.04"]
[Round "9.25"]
[Board "1"]
[White "Grabitz, Georg"]
[Black "Hartig, Uwe"]
[Result "1/2-1/2"]
[WhiteElo "2031"]
[BlackElo "2001"]
[WhiteTeam "Stoertebeker"]
[BlackTeam "SV Bannewitz"]
[WhiteFideId "4694619"]
[BlackFideId "24668222"]
[EventDate "2016.06.26"]

1. e4 d6 2. d4 Nf6 3. Nc3 g6 4. f4 Bg7 5. Nf3 O-O 6. Bd3 Nc6 7. e5 dxe5 8. dxe5
Nd5 9. Nxd5 Qxd5 10. Qe2 Bg4 11. Be4 Qd7 12. Be3 Rad8 13. O-O Nd4 14. Qf2 Bxf3
15. Bxf3 Nxf3+ 16. Qxf3 b6 17. Rfd1 Qe6 18. Bd4 Qd5 19. Qxd5 Rxd5 20. Bc3 Rfd8
21. Rxd5 Rxd5 22. Kf2 e6 23. Ke2 Bf8 24. a4 Bc5 25. Rd1 Kf8 26. Rd3 h5 27. h3
Ke7 28. g4 hxg4 29. hxg4 Kd7 30. Kf3 c6 31. Ke4 a6 32. b4 Be7 33. Bd2 Kc7 34. c4
Rxd3 35. Kxd3 b5 36. axb5 cxb5 37. cxb5 axb5 38. Ke4 Bh4 39. Be3 Be7 40. Bd2 Kb6
41. Be1 Kc6 42. Bd2 Bh4 43. Be3 Be1 44. Bc5 Bc3 45. Be7 Kd7 46. Bc5 f5+ 47. exf6
Bxf6 48. Be3 Bc3 49. Bc5 Kc6 50. Be7 Kd7 51. Bc5 Ke8 52. Bd6 Kf7 53. Bc5 Bd2 54.
Bd6 Kf6 55. g5+ Kf7 56. Bc5 Bc3 57. Bd6 1/2-1/2

[Event "World Senior Teams +50"]
[Site "Radebeul GER"]
[Date "2016.07.04"]
[Round "9.25"]
[Board "3"]
[White "Kuehn, Peter2"]
[Black "Koehn, Walter"]
[Result "1-0"]
[WhiteElo "1961"]
[BlackElo "1785"]
[WhiteTeam "Stoertebeker"]
[BlackTeam "SV Bannewitz"]
[WhiteFideId "4661486"]
[BlackFideId "12975222"]
[EventDate "2016.06.26"]

1. e4 c6 2. d4 d5 3. Nc3 dxe4 4. Nxe4 Nd7 5. Nf3 Ngf6 6. Ng3 e6 7. Bd3 Qc7 8.
Qe2 Bd6 9. Nf5 O-O 10. Nxd6 Qxd6 11. O-O c5 12. dxc5 Nxc5 13. Rd1 Nxd3 14. Rxd3
Qc7 15. Bg5 Nd5 16. Rad1 h6 17. Bc1 Bd7 18. c4 Nf6 19. Ne5 Bc6 20. Nxc6 Qxc6 21.
Rg3 Kh8 22. Bxh6 gxh6 23. Qe5 1-0

[Event "World Senior Teams +50"]
[Site "Radebeul GER"]
[Date "2016.07.04"]
[Round "9.25"]
[Board "4"]
[White "Seifert, Klaus"]
[Black "Buck, Klaus-Michael"]
[Result "1-0"]
[WhiteElo "1886"]
[BlackElo "1680"]
[WhiteTeam "SV Bannewitz"]
[BlackTeam "Stoertebeker"]
[WhiteFideId "24639877"]
[BlackFideId "24632910"]
[EventDate "2016.06.26"]

1. e4 e6 2. d4 d5 3. Nc3 Bb4 4. e5 c5 5. a3 Bxc3+ 6. bxc3 Nc6 7. Qg4 g6 8. Nf3
h5 9. Qg5 Qxg5 10. Bxg5 Nh6 11. Bf6 Rg8 12. h3 c4 13. Be2 Ne7 14. Kd2 Kd7 15.
Ng5 Re8 16. g4 Neg8 17. Nh7 Kc6 18. gxh5 Nxf6 19. Nxf6 Re7 20. hxg6 fxg6 21.
Rag1 Rg7 22. h4 Bd7 23. h5 g5 24. f4 g4 25. Bxg4 Rf7 26. Bh3 Rh8 27. Rg6 Bc8 28.
Rhg1 Kb5 29. Kc1 a5 30. Nxd5 exd5 31. Bxc8 Rxc8 32. Rxh6 Rxf4 33. Rf6 Rh4 34. h6
Rh8 35. Rgg6 Ka4 36. Kb2 b5 37. Rd6 Rf8 38. Rgf6 Rg8 39. Rg6 Rf8 40. Rdf6 Rh8
41. e6 Re4 42. Rg7 b4 43. axb4 axb4 44. cxb4 Rb8 45. h7 Kxb4 46. Rg8 c3+ 47. Ka2
Rb7 48. Ra8 Re2 49. h8=Q Rxc2+ 50. Kb1 Rb2+ 51. Kc1 Kc4 52. Rc8+ Kb3 53. Qh3
Rc2+ 54. Kd1 Kb2 55. Rf2 Rxf2 56. Qxc3+ Kb1 57. Qc1+ Ka2 58. Ra8+ Kb3 59. Qa3+
Kc4 60. Qa4+ Kc3 1-0

[Event "World Senior Teams +50"]
[Site "Radebeul GER"]
[Date "2016.07.04"]
[Round "9.26"]
[Board "1"]
[White "Nachtkamp, Herbert"]
[Black "Wilen, Eero"]
[Result "0-1"]
[WhiteElo "2091"]
[BlackElo "2061"]
[WhiteTeam "SK Norderstedt von 1975 e.V."]
[BlackTeam "Finland"]
[WhiteFideId "4642660"]
[BlackFideId "501042"]
[EventDate "2016.06.26"]

1. d4 Nf6 2. Nf3 c5 3. e3 g6 4. dxc5 Bg7 5. Qd4 O-O 6. Nc3 Na6 7. Bd2 Rb8 8. Rb1
b6 9. cxb6 axb6 10. Be2 d6 11. O-O Nc5 12. Qh4 h6 13. Nd4 g5 14. Qg3 Nce4 15.
Nxe4 Nxe4 16. Qf3 Nxd2 17. Qh5 Bxd4 18. exd4 Kg7 19. f4 e6 20. g4 Nxb1 21. Rxb1
Qf6 0-1

[Event "World Senior Teams +50"]
[Site "Radebeul GER"]
[Date "2016.07.04"]
[Round "9.26"]
[Board "2"]
[White "Mottonen, Ari"]
[Black "Freter, Anke"]
[Result "0-1"]
[WhiteElo "1987"]
[BlackElo "1865"]
[WhiteTeam "Finland"]
[BlackTeam "SK Norderstedt von 1975 e.V."]
[WhiteFideId "504360"]
[BlackFideId "4638727"]
[EventDate "2016.06.26"]

1. Nf3 Nf6 2. g3 g6 3. Bg2 Bg7 4. O-O O-O 5. c4 c6 6. d4 d5 7. Nbd2 Re8 8. b3
Nbd7 9. Bb2 a5 10. cxd5 cxd5 11. Re1 b5 12. e4 dxe4 13. Nxe4 Nxe4 14. Rxe4 Bb7
15. Re2 Nf6 16. Ne5 Bxg2 17. Kxg2 Rc8 18. Rc1 Qd5+ 19. Kg1 Ne4 20. Rec2 Rxc2 21.
Qxc2 Ng5 22. Qc6 Qxc6 23. Rxc6 f6 24. Nd7 Rd8 25. Rc7 Kf7 26. Kg2 Ne6 27. Ra7
Ke8 28. Nc5 Nxd4 29. Bxd4 Rxd4 30. Ne6 Rd2 31. Rxa5 Bh6 32. Nc7+ Kd7 33. Nxb5
Be3 34. h4 Rxf2+ 35. Kh3 h5 36. Nc3 Rc2 37. Rd5+ Ke6 38. Rd3 Bg1 39. g4 Ke5 40.
a4 e6 41. Rf3 f5 42. gxh5 gxh5 43. Nb5 f4 0-1

[Event "World Senior Teams +50"]
[Site "Radebeul GER"]
[Date "2016.07.04"]
[Round "9.26"]
[Board "3"]
[White "Bordasch, Christian"]
[Black "Munukka, Timo"]
[Result "1/2-1/2"]
[WhiteElo "1830"]
[BlackElo "1945"]
[WhiteTeam "SK Norderstedt von 1975 e.V."]
[BlackTeam "Finland"]
[WhiteFideId "12977730"]
[BlackFideId "502723"]
[EventDate "2016.06.26"]

1. d4 Nf6 2. c4 g6 3. Nc3 d5 4. cxd5 Nxd5 5. e4 Nxc3 6. bxc3 Bg7 7. Bc4 c5 8.
Ne2 Nc6 9. Be3 cxd4 10. cxd4 O-O 11. O-O e6 12. Qd2 b6 13. Rad1 Na5 14. Bb5 a6
15. Bd3 b5 16. Bh6 Bb7 17. Bxg7 Kxg7 18. Qb2 Rc8 19. d5+ Kg8 20. dxe6 fxe6 21.
Qe5 Qb6 22. Qd4 Qxd4 23. Nxd4 Kf7 24. f3 e5 25. Ne2 Ke6 26. Rc1 Rfd8 27. Rxc8
Rxc8 28. Kf2 Nc4 29. Rc1 Nb6 30. Rxc8 Bxc8 31. Ke3 Bd7 32. Kd2 Kd6 33. Nc1 Be6
34. Nb3 Bxb3 35. axb3 Kc5 36. Kc3 a5 37. h4 b4+ 38. Kd2 Kd4 39. g3 h6 40. f4 Nd7
41. f5 gxf5 42. exf5 e4 43. Be2 Ke5 44. g4 Kf4 45. Ke1 h5 46. g5 Kxf5 47. Bxh5
Nc5 48. Bd1 Ne6 49. Kf2 Nf4 50. Kg3 Nd3 51. Bc2 Nc5 52. Bd1 1/2-1/2

[Event "World Senior Teams +50"]
[Site "Radebeul GER"]
[Date "2016.07.04"]
[Round "9.27"]
[Board "1"]
[White "Bayarmaa, Gendenjamc"]
[Black "Van Bentum, Horst"]
[Result "1/2-1/2"]
[WhiteElo "1929"]
[BlackElo "2071"]
[WhiteTeam "Mongolia Women"]
[BlackTeam "Schachfreunde MV"]
[WhiteFideId "4900189"]
[BlackFideId "4671961"]
[EventDate "2016.06.26"]

1. d4 Nf6 2. Nf3 e6 3. Bf4 d5 4. e3 c5 5. c3 Nc6 6. Nbd2 Bd6 7. Bxd6 Qxd6 8. Bd3
O-O 9. O-O e5 10. dxe5 Nxe5 11. Nxe5 Qxe5 12. Nf3 Qc7 13. h3 h6 14. Qc2 Be6 15.
a3 Rfd8 16. Rfd1 a6 17. Rac1 Rac8 18. Bf5 Bxf5 19. Qxf5 Qd7 20. Qxd7 Rxd7 21.
Rd3 b5 22. Rcd1 Rdc7 23. g4 Re7 24. h4 Nxg4 25. Rxd5 Re6 26. Kf1 Kf8 27. Ke2 1/2-1/2

[Event "World Senior Teams +50"]
[Site "Radebeul GER"]
[Date "2016.07.04"]
[Round "9.27"]
[Board "2"]
[White "Sager, Bernd"]
[Black "Battsengel, Shirchin"]
[Result "1/2-1/2"]
[BlackTitle "WFM"]
[WhiteElo "1901"]
[BlackElo "1956"]
[WhiteTeam "Schachfreunde MV"]
[BlackTeam "Mongolia Women"]
[WhiteFideId "1270995"]
[BlackFideId "4900391"]
[EventDate "2016.06.26"]

1. e4 c5 2. Nf3 Nc6 3. d4 cxd4 4. Nxd4 Nf6 5. Nc3 g6 6. Be2 Bg7 7. Be3 O-O 8.
O-O d5 9. Nxc6 bxc6 10. e5 Nd7 11. f4 e6 12. Na4 Qa5 13. Qd4 Rb8 14. b3 f6 15.
Qxa7 Qxa7 16. Bxa7 Ra8 17. Be3 fxe5 18. fxe5 Bxe5 19. Rxf8+ Kxf8 20. Rf1+ Kg7
21. Bg4 Nf6 22. Bh3 Ne4 23. Nb6 Rxa2 24. Nxc8 Rxc2 25. Bxe6 Re2 26. Rf7+ Kh8 27.
Rf8+ Kg7 28. Rf7+ Kh8 29. Rf8+ Kg7 30. Rf7+ 1/2-1/2

[Event "World Senior Teams +50"]
[Site "Radebeul GER"]
[Date "2016.07.04"]
[Round "9.27"]
[Board "3"]
[White "Soyolmaa, Dashdondog"]
[Black "Mueggenburg, Rolf"]
[Result "1-0"]
[WhiteTitle "WCM"]
[WhiteElo "1923"]
[BlackElo "1755"]
[WhiteTeam "Mongolia Women"]
[BlackTeam "Schachfreunde MV"]
[WhiteFideId "4900146"]
[BlackFideId "4670965"]
[EventDate "2016.06.26"]

1. e4 d5 2. exd5 Qxd5 3. Nc3 Qa5 4. d4 c6 5. Ne2 Nf6 6. Bd2 Qc7 7. g3 e6 8. Bg2
Nbd7 9. O-O Nb6 10. b3 Bd7 11. Ne4 Nxe4 12. Bxe4 f5 13. Bg2 O-O-O 14. c4 Be8 15.
Qe1 Bf7 16. Ba5 c5 17. dxc5 Bxc5 18. b4 Bd4 19. Rc1 Qe5 20. c5 Nd5 21. Bxd8 Rxd8
22. Nxd4 Qxd4 23. Bxd5 Rxd5 24. Qc3 Qg4 25. c6 b6 26. Qa3 1-0

[Event "World Senior Teams +50"]
[Site "Radebeul GER"]
[Date "2016.07.04"]
[Round "9.28"]
[Board "2"]
[White "Kohl, Torsten"]
[Black "Schmidt, Hans-Gerd"]
[Result "1/2-1/2"]
[WhiteElo "1796"]
[BlackElo "1935"]
[WhiteTeam "SG Gera/ Meuselwitz"]
[BlackTeam "TuS Coswig 1920"]
[WhiteFideId "24638870"]
[BlackFideId "4657918"]
[EventDate "2016.06.26"]

1. c4 g6 2. d4 Bg7 3. Nc3 Nf6 4. e4 d6 5. f3 O-O 6. Be3 Nbd7 7. Bd3 e5 8. Nge2
exd4 9. Nxd4 Nc5 10. Be2 Re8 11. O-O a6 12. Qd2 Ne6 1/2-1/2